आपले पर्यावरण (Record no. 105084)

MARC details
000 -LEADER
fixed length control field 00609nam a2200181Ia 4500
008 - FIXED-LENGTH DATA ELEMENTS--GENERAL INFORMATION
fixed length control field 090124s9999 xx 000 0 und d
082 ## - DEWEY DECIMAL CLASSIFICATION NUMBER
Item number 38982
100 ## - MAIN ENTRY--PERSONAL NAME
Personal name फतेहअली लईक
245 ## - TITLE STATEMENT
Title आपले पर्यावरण
250 ## - EDITION STATEMENT
Edition statement 1
260 ## - PUBLICATION, DISTRIBUTION, ETC. (IMPRINT)
Name of publisher, distributor, etc "नॅशनल बुक ट्रस्ट, इंडिया, दिल्ली."
Date of publication, distribution, etc 1999
300 ## - PHYSICAL DESCRIPTION
Extent 94
600 ## - SUBJECT ADDED ENTRY--PERSONAL NAME
Personal name फतेहअली लईक
630 ## - SUBJECT ADDED ENTRY--UNIFORM TITLE
Uniform title आपले पर्यावरण
700 ## - ADDED ENTRY--PERSONAL NAME
Personal name फतेहअली लईक
730 ## - ADDED ENTRY--UNIFORM TITLE
Uniform title आपले पर्यावरण
942 ## - ADDED ENTRY ELEMENTS (KOHA)
Koha item type Book
Holdings
Withdrawn status Lost status Damaged status Not for loan Home library Current library Date acquired Cost, normal purchase price Total Checkouts Full call number Barcode Date last seen Cost, replacement price Price effective from Koha item type
        Nagar Wachan Mandir, Thane Nagar Wachan Mandir, Thane   35.00   38982 THNNWM-38982 01/24/2009 35.00 01/24/2009 Book